Football Teams Antonio Adán Played For - Statistics

General Stats
  • This quiz has been taken 25 times
  • The average score is 4 of 6
Answer Stats
League Years Team % Correct
Portugal 2020- Sporting CP
95%
Spain 2009-2013 Real Madrid
90%
Spain 2006-2009 Real Madrid Castilla
90%
Spain 2018-2020 Atlético de Madrid
81%
Spain 2014-2018 Real Betis Balompié
52%
Italy 2013-2014 Cagliari Calcio
24%
No matching quizzes found
Score Distribution
Percent of People with Each Score
Percentile by Number Answered
Your Score History
You have not taken this quiz